000
00198 a2200097 4500
001
4390
100
_a
Thomas,H,K
245
_a
Automobile engineering
260
_a
_b
Pitman
_c
090
_c
3587
_d
3587
942
_a
NUST-CAE
_c
M
_c
28746
999
_c
239463
_d
239463